[Event "I Torneo Cecchina A"]
[Site "Roma ITA"]
[Date "1997.??.??"]
[Round "6"]
[White "Farina, Saverio"]
[Black "Vigile, Matteo"]
[Result "1/2-1/2"]
[WhiteElo "2195"]
[BlackElo "1771"]
[PlyCount "99"]
[EventDate "1997.??.??"]

1. d4 Nf6 2. c4 c5 3. e3 e6 4. Nc3 d5 5. a3 Nc6 6. Nf3 Bd6 7. dxc5 Bxc5 8. b4
Bd6 9. Bb2 O-O 10. Qc2 dxc4 11. Bxc4 Ne5 12. Nxe5 Bxe5 13. O-O Bd7 14. f4 Bxc3
15. Qxc3 Rc8 16. Qd4 Bc6 17. Rac1 Qxd4 18. Bxd4 Ne4 19. Ba2 Bd5 20. Bxd5 exd5
21. Bxa7 Ra8 22. Bc5 Nxc5 23. Rxc5 Rxa3 24. Rxd5 Rxe3 25. Rfd1 g6 26. Rd7 Re4
27. Rxb7 Rxf4 28. g3 Rf6 29. Rf1 Rxf1+ 30. Kxf1 Rc8 31. Kg2 Rc2+ 32. Kh3 h5 33.
b5 g5 34. b6 Rb2 35. Rc7 Rxb6 36. Rc2 Kg7 37. Kg2 Kg6 38. Ra2 Rb4 39. Rc2 h4
40. Ra2 hxg3 41. hxg3 Kh5 42. Rf2 Kg4 43. Rxf7 Rb3 44. Ra7 Rb2+ 45. Kg1 Kxg3
46. Ra3+ Kh4 47. Rc3 g4 48. Ra3 Re2 49. Rb3 g3 50. Rb8 1/2-1/2

[Event "I Torneo Cecchina A"]
[Site "Roma ITA"]
[Date "1997.??.??"]
[Round "6"]
[White "Franchi, Jose' Maria"]
[Black "Scagliarini, Valentina"]
[Result "1-0"]
[WhiteElo "1915"]
[BlackElo "1642"]
[PlyCount "45"]
[EventDate "1997.??.??"]

1. e4 e6 2. d4 d5 3. Nd2 dxe4 4. Nxe4 Nd7 5. Nf3 Ngf6 6. Nxf6+ Nxf6 7. Bd3 c5
8. O-O Be7 9. dxc5 Bxc5 10. Bg5 O-O 11. Qe2 Be7 12. Ne5 Nd5 13. Bd2 Qc7 14.
Rfe1 b6 15. a3 Bb7 16. c4 Nf6 17. b4 Rfd8 18. Bc3 Rac8 19. Rac1 Nd7 20. Bxh7+
Kxh7 21. Qh5+ Kg8 22. Qxf7+ Kh7 23. Re3 1-0

[Event "I Torneo Cecchina A"]
[Site "Roma ITA"]
[Date "1997.??.??"]
[Round "6"]
[White "Gardon, Ermanno"]
[Black "De Blasio, Alessandro"]
[Result "1/2-1/2"]
[WhiteElo "1722"]
[BlackElo "1570"]
[PlyCount "76"]
[EventDate "1997.??.??"]

1. e4 c5 2. Nf3 d6 3. d4 cxd4 4. Nxd4 Nf6 5. Nc3 g6 6. Be3 Bg7 7. f3 O-O 8. Qd2
Nc6 9. Bc4 Bd7 10. h4 Ne5 11. Bb3 Qa5 12. O-O-O Rfc8 13. g4 Nc4 14. Bxc4 Rxc4
15. h5 Rac8 16. Nb3 Qe5 17. Bf4 Qe6 18. Qh2 a5 19. hxg6 fxg6 20. e5 Nxg4 21.
fxg4 Rxf4 22. Qxf4 Bxe5 23. Qh6 Qf7 24. Nd5 Bxg4 25. Rdf1 Bf5 26. Ne3 e6 27.
Nxa5 Qc7 28. Nac4 Bxb2+ 29. Kxb2 d5 30. Nxd5 exd5 31. Rxf5 dxc4 32. Rhf1 Qb6+
33. Ka1 Qd4+ 34. Kb1 gxf5 35. Qe6+ Kg7 36. Qxc8 Qb6+ 37. Kc1 Qe3+ 38. Kd1 Qd4+
1/2-1/2

[Event "I Torneo Cecchina A"]
[Site "Roma ITA"]
[Date "1997.??.??"]
[Round "6"]
[White "Gatto, Mario"]
[Black "Abuhamdieh, Arafat"]
[Result "1-0"]
[WhiteElo "1543"]
[BlackElo "1294"]
[PlyCount "71"]
[EventDate "1997.??.??"]

1. d4 d5 2. Bf4 Nf6 3. h3 Nc6 4. c3 e6 5. Nf3 Nh5 6. Bh2 Bd6 7. Bxd6 Qxd6 8. e3
O-O 9. Bd3 g6 10. O-O f5 11. Nbd2 Nf6 12. a3 a6 13. c4 b6 14. b4 dxc4 15. Nxc4
Qe7 16. Nce5 Nxe5 17. Nxe5 Bb7 18. Rc1 Qd6 19. f3 Nd5 20. Qe2 f4 21. exf4 Nxf4
22. Qb2 Nxd3 23. Nxd3 Bd5 24. Ne5 Rf5 25. g4 Rf4 26. Qc3 Rc8 27. Qd3 Kg7 28.
Qxa6 Ra8 29. Qd3 Bb7 30. Rfd1 Rd8 31. Qe3 Rdf8 32. Rc3 Bxf3 33. Nxf3 Rxf3 34.
Qxf3 Rxf3 35. Rxf3 Qxd4+ 36. Rxd4 1-0

[Event "I Torneo Cecchina A"]
[Site "Roma ITA"]
[Date "1997.??.??"]
[Round "6"]
[White "Iacoacci, Giancarlo"]
[Black "Capone, Gioacchino"]
[Result "1/2-1/2"]
[WhiteElo "1600"]
[BlackElo "1699"]
[PlyCount "122"]
[EventDate "1997.??.??"]

1. d4 Nf6 2. Nf3 g6 3. e3 Bg7 4. Bd3 O-O 5. O-O d5 6. Re1 Nc6 7. a3 Bg4 8. Nbd2
e5 9. dxe5 Nxe5 10. Be2 Nxf3+ 11. Bxf3 Bxf3 12. Nxf3 c6 13. c3 Re8 14. Qc2 Ne4
15. Nd2 Qe7 16. Nxe4 Qxe4 17. Qxe4 dxe4 18. Bd2 Rad8 19. Rad1 Rd3 20. Kf1 c5
21. Ke2 c4 22. Bc1 b5 23. f4 f5 24. Rg1 h5 25. h3 Kf7 26. g4 hxg4 27. hxg4 Rh8
28. Rg2 fxg4 29. Rdg1 Rh4 30. Rxg4 Rxg4 31. Rxg4 Rd5 32. Rg1 Rh5 33. Kf2 Bf6
34. Kg2 Ke6 35. Rd1 a5 36. Kg3 Bh4+ 37. Kg2 Bf6 38. Rg1 g5 39. Kg3 Kf5 40. Rf1
g4 41. Rd1 Bh4+ 42. Kg2 Ke6 43. Rd4 Be1 44. Rxe4+ Kf6 45. f5 Kxf5 46. Rf4+ Kg5
47. e4 Bh4 48. Rf8+ Kg6 49. Rg8+ Kf6 50. Rxg4 Ke5 51. Bf4+ Kxe4 52. Bg3+ Kd3
53. Bxh4 Kc2 54. Bd8 Kxb2 55. Bxa5 Kxa3 56. Rg3 Rd5 57. Kf2 Kb3 58. Ke2 Rh5 59.
Bb4 Rh2+ 60. Ke3 Rc2 61. Kd4 Rd2+ 1/2-1/2

[Event "I Torneo Cecchina A"]
[Site "Roma ITA"]
[Date "1997.??.??"]
[Round "6"]
[White "Luzi, Alessandro"]
[Black "Minerva, Enzo"]
[Result "1/2-1/2"]
[WhiteElo "1540"]
[BlackElo "1809"]
[PlyCount "46"]
[EventDate "1997.??.??"]

1. e4 e5 2. Nf3 f5 3. Nc3 fxe4 4. Nxe4 d5 5. Ng3 e4 6. Nd4 Qf6 7. Qh5+ Qf7 8.
Qe5+ Kd8 9. d3 Bd6 10. Qg5+ Be7 11. Qd2 c5 12. Nb5 e3 13. fxe3 Nf6 14. Be2 Ng4
15. Bxg4 Bxg4 16. Rf1 Qg6 17. Nc3 Be6 18. e4 Bh4 19. exd5 Bxg3+ 20. hxg3 Qxg3+
21. Qf2 Qxf2+ 22. Rxf2 Bg4 23. Ne4 Nd7 1/2-1/2

[Event "I Torneo Cecchina A"]
[Site "Roma ITA"]
[Date "1997.??.??"]
[Round "6"]
[White "Marotta, Michele"]
[Black "Rotondi, Paolo"]
[Result "0-1"]
[WhiteElo "1600"]
[BlackElo "1660"]
[PlyCount "110"]
[EventDate "1997.??.??"]

1. e4 c6 2. c3 d5 3. exd5 cxd5 4. d4 Bf5 5. Bd3 Bxd3 6. Qxd3 Nf6 7. Nf3 Nbd7 8.
O-O e6 9. Bf4 Qb6 10. Nbd2 Bd6 11. Bxd6 Qxd6 12. Rfe1 O-O 13. Ne5 Rac8 14. Re3
Qa6 15. Qc2 Nxe5 16. Rxe5 b5 17. Re3 b4 18. Nb3 Nd7 19. Rc1 Rc6 20. Rh3 f5 21.
Qd2 Qxa2 22. cxb4 Rxc1+ 23. Qxc1 Qa6 24. Nc5 Rc8 25. Ra3 Qb6 26. Qa1 Nxc5 27.
bxc5 Qb4 28. Ra4 Qd2 29. b4 Rb8 30. g3 Rxb4 31. Rxb4 Qxb4 32. Qxa7 Qe1+ 33. Kg2
Qe4+ 34. Kg1 Qxd4 35. Qb8+ Kf7 36. Qc7+ Kg6 37. c6 Qe4 38. Qf4 Qe1+ 39. Kg2 e5
40. Qa4 Qc3 41. Qa6 Kg5 42. h4+ Kh5 43. Qe2+ Kg6 44. Qa6 Kh5 45. Qc8 Kg4 46.
Qa6 Qf3+ 47. Kg1 d4 48. Qc4 Qd1+ 49. Qf1 Qc2 50. Kg2 d3 51. Kh1 d2 52. f3+ Kh5
53. g4+ Kh6 54. h5 d1=Q 55. c7 Qxf1# 0-1

[Event "I Torneo Cecchina A"]
[Site "Roma ITA"]
[Date "1997.??.??"]
[Round "6"]
[White "Mastroddi, Emiliano"]
[Black "Siraco, Maurizio"]
[Result "1/2-1/2"]
[WhiteElo "1753"]
[BlackElo "1911"]
[PlyCount "44"]
[EventDate "1997.??.??"]

1. e4 e6 2. d4 d5 3. e5 Qd7 4. c3 b6 5. Nf3 Ba6 6. Bxa6 Nxa6 7. O-O Nb8 8. Bf4
Nc6 9. Nbd2 h5 10. Rc1 Nge7 11. Re1 Nf5 12. Bg5 Be7 13. Bxe7 Ncxe7 14. Nf1 h4
15. h3 c5 16. Ne3 Rc8 17. Nxf5 Nxf5 18. Qd2 O-O 19. a3 cxd4 20. cxd4 Rxc1 21.
Rxc1 Rc8 22. Rc3 Rc6 1/2-1/2

[Event "I Torneo Cecchina A"]
[Site "Roma ITA"]
[Date "1997.??.??"]
[Round "6"]
[White "Medori, Marco"]
[Black "Moroni, Marco"]
[Result "0-1"]
[WhiteElo "1600"]
[BlackElo "1806"]
[PlyCount "64"]
[EventDate "1997.??.??"]

1. e4 e5 2. Nf3 Nf6 3. Nxe5 d6 4. Nf3 Nxe4 5. d4 d5 6. Bd3 Be7 7. O-O Nc6 8.
Re1 Bg4 9. c4 Bxf3 10. Qxf3 Nxd4 11. Qh3 c6 12. Nc3 Nxc3 13. bxc3 Ne6 14. f4 g6
15. f5 gxf5 16. Bxf5 Qd7 17. Qh5 O-O-O 18. Qxf7 Bc5+ 19. Kh1 Qxf7 20. Bxe6+
Qxe6 21. Rxe6 Rhe8 22. Rxe8 Rxe8 23. Bf4 dxc4 24. a4 Bf2 25. h3 Re1+ 26. Rxe1
Bxe1 27. Be5 a5 28. Kg1 b5 29. Kf1 bxa4 30. Bd6 Bxc3 31. Ba3 Bb4 32. Bb2 c3 0-1

[Event "I Torneo Cecchina A"]
[Site "Roma ITA"]
[Date "1997.??.??"]
[Round "6"]
[White "Palombi, Roberto"]
[Black "Corvi, Marco"]
[Result "0-1"]
[WhiteElo "2055"]
[BlackElo "2260"]
[PlyCount "54"]
[EventDate "1997.??.??"]

1. d4 f5 2. Nf3 Nf6 3. e3 e6 4. c4 Be7 5. Be2 O-O 6. Nc3 d5 7. O-O c6 8. Bd2 b6
9. Rc1 Bb7 10. Ne5 Nfd7 11. f4 Nf6 12. Qb3 Nbd7 13. cxd5 exd5 14. Bd3 g6 15. g4
Nxg4 16. Nxg4 fxg4 17. e4 Nf6 18. f5 Kh8 19. Bh6 dxe4 20. Nxe4 Nxe4 21. Bxe4
Qxd4+ 22. Qe3 Qxe3+ 23. Bxe3 gxf5 24. Bxf5 c5 25. Bh6 Bf6 26. Bxf8 Bd4+ 27. Rf2
Rxf8 0-1

[Event "I Torneo Cecchina A"]
[Site "Roma ITA"]
[Date "1997.??.??"]
[Round "6"]
[White "Papetti, Francesco"]
[Black "Barro, Carlo"]
[Result "1/2-1/2"]
[WhiteElo "1780"]
[BlackElo "1747"]
[PlyCount "59"]
[EventDate "1997.??.??"]

1. d4 g6 2. c4 Nf6 3. Nc3 Bg7 4. e4 d6 5. Nf3 O-O 6. Be2 e5 7. dxe5 dxe5 8.
Qxd8 Rxd8 9. Bg5 Re8 10. Nd5 Nxd5 11. cxd5 f6 12. Bd2 Bf8 13. O-O a5 14. Bc3
Bd7 15. Nd2 b5 16. b3 c5 17. f4 b4 18. Bb2 Bh6 19. g3 Bh3 20. Rf2 Nd7 21. Bf1
Bxf1 22. Rfxf1 a4 23. Rae1 axb3 24. axb3 Re7 25. Nc4 exf4 26. gxf4 g5 27. Bc1
gxf4 28. Bxf4 Bxf4 29. Rxf4 Ra6 30. Kh1 1/2-1/2

[Event "I Torneo Cecchina A"]
[Site "Roma ITA"]
[Date "1997.??.??"]
[Round "6"]
[White "Pasqualucci, Colombo"]
[Black "Dentale, Enrico"]
[Result "1-0"]
[WhiteElo "1794"]
[BlackElo "1600"]
[PlyCount "72"]
[EventDate "1997.??.??"]

1. e4 e5 2. Nf3 d6 3. Bc4 Be7 4. d4 Nc6 5. h3 exd4 6. Nxd4 Ne5 7. Bb3 Bd7 8.
O-O Nf6 9. f4 Ng6 10. Nc3 c5 11. Nf3 Bc6 12. Ng5 O-O 13. Qe2 h6 14. e5 hxg5 15.
exf6 Bxf6 16. fxg5 Bxg5 17. Qh5 Bxc1 18. Raxc1 Ne5 19. Rf4 d5 20. Qxe5 c4 21.
Ba4 b5 22. Bxb5 Qb6+ 23. Kh1 Bxb5 24. Nxd5 Rfe8 25. Nxb6 Rxe5 26. Nxa8 Rc5 27.
Rd1 Rc8 28. Rd5 Ba6 29. Ra5 Bb7 30. Rxa7 Bxa8 31. Rfxf7 Bd5 32. Rxg7+ Kf8 33.
a4 Rb8 34. Rgd7 Be6 35. Rdb7 Re8 36. a5 Bd5 1-0

[Event "I Torneo Cecchina A"]
[Site "Roma ITA"]
[Date "1997.??.??"]
[Round "6"]
[White "Ridolfi, Raffaele"]
[Black "Colantonio, Marco"]
[Result "1-0"]
[WhiteElo "1633"]
[BlackElo "1543"]
[PlyCount "109"]
[EventDate "1997.??.??"]

1. d4 Nf6 2. c4 g6 3. Nc3 d5 4. Nf3 Bg7 5. cxd5 Nxd5 6. Qb3 c6 7. e3 O-O 8. Be2
Nb6 9. O-O Be6 10. Qc2 N8d7 11. b3 Nf6 12. Bb2 Qc7 13. Rac1 a6 14. a4 Nbd5 15.
Nxd5 Bxd5 16. Ne5 Qb6 17. Bc4 e6 18. Ba3 Rfe8 19. b4 Bxc4 20. Nxc4 Qc7 21. Ne5
Nd7 22. Nxd7 Qxd7 23. Qb3 Qd5 24. Qxd5 exd5 25. Ra1 Bf8 26. Rfb1 f5 27. Bc1 Bd6
28. g3 h5 29. h4 Kf7 30. Bd2 Kf6 31. b5 cxb5 32. axb5 axb5 33. Rxa8 Rxa8 34.
Rxb5 Ra2 35. Bc3 Rc2 36. Ba5 Ra2 37. Rxd5 Ke6 38. Rb5 Ra1+ 39. Kg2 Ra2 40. Bc3
Ra7 41. Ra5 Rxa5 42. Bxa5 b5 43. Kf3 b4 44. Ke2 Kd5 45. Kd3 b3 46. Kc3 Ke4 47.
Kxb3 Kd3 48. Bb4 Bc7 49. d5 Ke2 50. d6 Bd8 51. d7 Kxf2 52. Bd6 Kxe3 53. Kc4 g5
54. hxg5 Bxg5 55. Bf4+ 1-0

[Event "I Torneo Cecchina A"]
[Site "Roma ITA"]
[Date "1997.??.??"]
[Round "6"]
[White "Scagliarini, Bruno"]
[Black "Montecchi, Ugo"]
[Result "1-0"]
[WhiteElo "1974"]
[BlackElo "1833"]
[PlyCount "128"]
[EventDate "1997.??.??"]

1. c4 e5 2. g3 d6 3. Bg2 Be7 4. Nc3 f5 5. e3 Nf6 6. Nge2 O-O 7. O-O c6 8. d4
Na6 9. b3 Be6 10. Ba3 e4 11. Nf4 Bf7 12. d5 g5 13. Nfe2 cxd5 14. Nxd5 Nxd5 15.
cxd5 Qa5 16. Bb2 Qxd5 17. Nd4 Nc5 18. Qd2 Bh5 19. Rfc1 Rf7 20. Rc2 Raf8 21. Bf1
Nd3 22. Bxd3 exd3 23. Qxd3 Bf3 24. Qc3 Bf6 25. Rd2 Bh1 26. f4 gxf4 27. exf4 Re8
28. Qc4 Qe4 29. Qd3 Qxd3 30. Rxd3 Be4 31. Rd2 a6 32. Rc1 Kg7 33. Ne2 Bxb2 34.
Rxb2 Rfe7 35. Kf2 Kf6 36. Rd2 d5 37. Nd4 h5 38. h4 Rg8 39. Rc3 Rgg7 40. Rd1 Rg4
41. Rdc1 Rgg7 42. b4 Rg8 43. Rc7 Rge8 44. a3 Bd3 45. Rxe7 Rxe7 46. Rc3 Bc4 47.
Re3 Re4 48. Nf3 Ke7 49. Nd2 Rxe3 50. Kxe3 Kd6 51. Kd4 Be2 52. Nb1 Bd1 53. Nc3
Bb3 54. Nb1 Bd1 55. Ke3 Kc6 56. Kd2 Bf3 57. Kc3 Be4 58. Nd2 Kd6 59. Nb3 b6 60.
Nd4 Bb1 61. Nf3 Be4 62. Ne5 Bb1 63. Kd4 Be4 64. Kc3 64... Ke6 $138 {...} 1-0

[Event "I Torneo Cecchina A"]
[Site "Roma ITA"]
[Date "1997.??.??"]
[Round "6"]
[White "Spano' Cuomo, Gaetano"]
[Black "Vanzan, Alessandro"]
[Result "1-0"]
[WhiteElo "1641"]
[BlackElo "1528"]
[PlyCount "99"]
[EventDate "1997.??.??"]

1. d4 Nf6 2. c4 g6 3. Nc3 Bg7 4. e4 d6 5. f3 O-O 6. Be3 Nbd7 7. Bd3 e5 8. d5
Nc5 9. Bc2 a5 10. Nge2 Rb8 11. a3 Bd7 12. Qd2 b5 13. Bxc5 dxc5 14. Nxb5 Bxb5
15. cxb5 Rxb5 16. Ba4 Rb8 17. O-O Ra8 18. Rfc1 Qd6 19. Rc2 h5 20. Rac1 Kh7 21.
Qc3 Rfb8 22. Qxc5 Qxc5+ 23. Rxc5 Rxb2 24. Kf1 Bh6 25. R1c3 Ra7 26. Rxc7 Rxc7
27. Rxc7 Be3 28. Nc3 Kg7 29. d6 Rf2+ 30. Ke1 Rxg2 31. d7 Rd2 32. Nd5 Nxe4 33.
fxe4 Bg5 34. d8=Q Bxd8 35. Kxd2 Bxc7 36. Nxc7 g5 37. Nd5 g4 38. Ne3 Kg6 39. Bd1
Kg5 40. a4 Kh4 41. Ke2 Kh3 42. Kf2 Kxh2 43. Bxg4 hxg4 44. Nxg4+ Kh3 45. Nxe5 f6
46. Nc4 Kg4 47. Ke3 f5 48. e5 f4+ 49. Kf2 Kf5 50. Kf3 1-0

[Event "I Torneo Cecchina A"]
[Site "Roma ITA"]
[Date "1997.??.??"]
[Round "6"]
[White "Tosoni, Augusto"]
[Black "Quimi, Marco"]
[Result "0-1"]
[WhiteElo "2116"]
[BlackElo "2240"]
[PlyCount "143"]
[EventDate "1997.??.??"]

1. Nf3 d5 2. d4 Bf5 3. Bf4 c6 4. e3 Nf6 5. Bd3 e6 6. O-O Nbd7 7. Ne5 Be7 8.
Bxf5 exf5 9. Qd3 g6 10. Nxd7 Qxd7 11. Be5 O-O 12. f3 Rad8 13. Nd2 Ne8 14. c3 f6
15. Bg3 g5 16. Rae1 Ng7 17. Re2 Rfe8 18. Rfe1 Bf8 19. e4 f4 20. Bf2 Re7 21. g4
Rde8 22. Kg2 Qe6 23. Kf1 Qd7 24. Kg2 h5 25. h3 Qe6 26. Kf1 Qd7 27. Kg2 Re6 28.
b3 b5 29. b4 a6 30. e5 Qf7 31. exf6 Qxf6 32. Nb3 Bd6 33. Na5 Bf8 34. Re5 Kf7
35. gxh5 Rxe5 36. dxe5 Qe6 37. Qh7 d4 38. Bxd4 c5 39. Qg6+ Qxg6 40. hxg6+ Kxg6
41. bxc5 Ne6 42. Nb7 Rc8 43. Nd6 Rc6 44. Rd1 Nxc5 45. Bxc5 Rxc5 46. Ne4 Rxe5
47. Rd8 Be7 48. Rg8+ Kf7 49. Ra8 Re6 50. Ra7 Kg6 51. Kf2 Bf6 52. Rc7 Bd8 53.
Rc8 Bf6 54. Ke2 Rb6 55. Kd3 a5 56. a3 Be7 57. Kd4 Bxa3 58. Rg8+ Kf7 59. Rxg5
Be7 60. Rf5+ Ke8 61. c4 bxc4 62. Rxa5 Rb3 63. Kxc4 Rxf3 64. Rf5 Rf1 65. Kd3
Rf3+ 66. Kd4 Kd7 67. Rh5 Rf1 68. Kd3 Rf3+ 69. Kd4 Bd8 70. Nc5+ Kc6 71. Ke4 Rf1
72. Nd3 $138 {...} 0-1

[Event "I Torneo Cecchina A"]
[Site "Roma ITA"]
[Date "1997.??.??"]
[Round "7"]
[White "Abuhamdieh, Arafat"]
[Black "Medori, Marco"]
[Result "1-0"]
[WhiteElo "1294"]
[BlackElo "1600"]
[PlyCount "117"]
[EventDate "1997.??.??"]

1. e4 c5 2. Nf3 Nc6 3. d4 cxd4 4. Nxd4 Nf6 5. Nc3 d6 6. Be2 a6 7. O-O Bd7 8.
Kh1 e5 9. Nb3 b5 10. a3 Rc8 11. Bg5 h6 12. Bh4 Be6 13. Nd5 g5 14. Nxf6+ Qxf6
15. Bg3 Qg6 16. f3 h5 17. Kg1 h4 18. Be1 h3 19. g3 f5 20. exf5 Bxf5 21. c3 Qe6
22. a4 e4 23. Nd4 Nxd4 24. Qxd4 Rg8 25. g4 Bg6 26. fxe4 d5 27. Qxd5 Bc5+ 28.
Bf2 Qxd5 29. exd5 Rf8 30. Bxc5 Rxc5 31. Rxf8+ Kxf8 32. Rf1+ Ke7 33. axb5 axb5
34. Bf3 Kd6 35. Kf2 Bf7 36. Kg3 Bxd5 37. Bxd5 Rxd5 38. Kxh3 Rd3+ 39. Kg2 Kc5
40. Rf5+ Kc6 41. Rxg5 Rd2+ 42. Kg3 Rxb2 43. Rf5 Rb3 44. Rf3 Kd5 45. g5 Rb1 46.
h4 Ke5 47. h5 Rg1+ 48. Kh4 Ke4 49. Rg3 Rh1+ 50. Kg4 Ke5 51. g6 Kf6 52. Rf3+ Kg7
53. Rf7+ Kg8 54. Rh7 Rg1+ 55. Kf5 Rg3 56. Rc7 Rd3 57. Kg5 Rd8 58. h6 Rb8 59.
h7+ 1-0

[Event "I Torneo Cecchina A"]
[Site "Roma ITA"]
[Date "1997.??.??"]
[Round "7"]
[White "Arabito, Giuseppe"]
[Black "Bongiovanni, Marco"]
[Result "1/2-1/2"]
[WhiteElo "1558"]
[BlackElo "1624"]
[PlyCount "96"]
[EventDate "1997.??.??"]

1. e4 e6 2. d4 d5 3. Nd2 Nf6 4. e5 Nfd7 5. f4 c5 6. Ndf3 Nc6 7. c3 cxd4 8. cxd4
Bb4+ 9. Bd2 Qb6 10. Bxb4 Qxb4+ 11. Qd2 Qxd2+ 12. Kxd2 f6 13. Bd3 O-O 14. Ne2
Nb6 15. b3 Bd7 16. Rac1 a5 17. a3 fxe5 18. fxe5 h6 19. Ke3 Nc8 20. Nc3 N6a7 21.
a4 Ne7 22. Rhf1 Rac8 23. Ne2 Nac6 24. Bb5 Rf7 25. Nh4 Rcf8 26. Rxf7 Rxf7 27.
Nf3 g5 28. Ng3 Nf5+ 29. Nxf5 Rxf5 30. Rf1 Rf4 31. h4 Re4+ 32. Kd2 g4 33. Bd3
gxf3 34. Bxe4 dxe4 35. Ke3 fxg2 36. Rg1 Ne7 37. Rxg2+ Kh7 38. Rf2 Nf5+ 39. Kxe4
Bc6+ 40. Kd3 Nxh4 41. Rf6 Bd5 42. Kc3 Nf5 43. b4 axb4+ 44. Kxb4 Nxd4 45. Kc5
Nf5 46. Rxf5 exf5 47. Kxd5 Kg7 48. Kd6 f4 1/2-1/2

[Event "I Torneo Cecchina A"]
[Site "Roma ITA"]
[Date "1997.??.??"]
[Round "7"]
[White "Barro, Carlo"]
[Black "Ridolfi, Raffaele"]
[Result "0-1"]
[WhiteElo "1747"]
[BlackElo "1633"]
[PlyCount "71"]
[EventDate "1997.??.??"]

1. Nf3 Nf6 2. c4 g6 3. Nc3 d5 4. d4 Bg7 5. e3 O-O 6. Be2 b6 7. Ne5 Bb7 8. Bf3
c6 9. b3 e6 10. Ba3 Re8 11. Rc1 a6 12. h4 Nbd7 13. h5 Nxe5 14. dxe5 Nd7 15. Bd6
Nxe5 16. Bxe5 Bxe5 17. hxg6 Bxc3+ 18. Rxc3 hxg6 19. cxd5 cxd5 20. Qd2 Rc8 21.
Rd3 Qc7 22. Bd1 Kg7 23. e4 Rh8 24. Qb2+ f6 25. Rxh8 Rxh8 26. Bg4 dxe4 27. Rc3
Qe5 28. Qd2 Bd5 29. Bh3 Re8 30. Qc1 Re7 31. Bg4 g5 32. Rh3 Rc7 33. Qa3 Qa1+ 34.
Bd1 Rd7 35. b4 Bc6 36. Qb3 $138 0-1

[Event "I Torneo Cecchina A"]
[Site "Roma ITA"]
[Date "1997.??.??"]
[Round "7"]
[White "Capone, Gioacchino"]
[Black "Minerva, Enzo"]
[Result "1-0"]
[WhiteElo "1699"]
[BlackElo "1809"]
[PlyCount "151"]
[EventDate "1997.??.??"]

1. e4 e5 2. Nf3 f5 3. Nxe5 Qf6 4. d4 d6 5. Nc4 fxe4 6. Qh5+ g6 7. Qd5 Bg7 8.
Qxe4+ Ne7 9. Ne3 Rf8 10. f3 c6 11. d5 Qg5 12. dxc6 bxc6 13. Nd2 d5 14. Qd3 Qe5
15. Be2 Ba6 16. c4 Nd7 17. Ng4 Qe6 18. cxd5 Qxe2+ 19. Qxe2 Bxe2 20. Kxe2 Nxd5
21. Nc4 O-O-O 22. Bg5 Rde8+ 23. Kd2 Kc7 24. Rac1 Rf5 25. h4 Nb4 26. Nce3 Rf7
27. a3 Na6 28. Nd5+ Kb7 29. Nc3 Ndc5 30. Kc2 Rd7 31. Rcd1 Rxd1 32. Rxd1 Bxc3
33. Kxc3 Nc7 34. b4 N5e6 35. Nf6 Nb5+ 36. Kb2 Re7 37. Ne4 Rf7 38. a4 Nxg5 39.
Nxg5 Re7 40. axb5 Re2+ 41. Kc3 cxb5 42. Rd7+ Kc6 43. Rxh7 Rxg2 44. Rxa7 Rh2 45.
Ra6+ Kb7 46. Rxg6 Rxh4 47. Ne4 Rf4 48. Rf6 Rh4 49. Nd6+ Kb8 50. Nxb5 Kb7 51.
Nd6+ Kc7 52. Ne4 Rh5 53. Kc4 Rh4 54. Kb5 Rh5+ 55. Ka6 Rh1 56. Rf7+ Kc6 57. b5+
Kd5 58. Kb7 Ke6 59. Rf6+ Ke7 60. b6 Rd1 61. Rc6 Rb1 62. Kc8 Rh1 63. b7 Rd1 64.
b8=Q Rd8+ 65. Kb7 Rxb8+ 66. Kxb8 Kd7 67. Kb7 Kd8 68. Rc7 Ke8 69. Kc6 Kd8 70.
Kd6 Ke8 71. Rd7 Kf8 72. Re7 Kg8 73. Ke6 Kf8 74. Kf6 Kg8 75. Ra7 Kh8 76. Kg6 1-0

[Event "I Torneo Cecchina A"]
[Site "Roma ITA"]
[Date "1997.??.??"]
[Round "7"]
[White "Colantonio, Marco"]
[Black "Pasqualucci, Colombo"]
[Result "0-1"]
[WhiteElo "1543"]
[BlackElo "1794"]
[PlyCount "86"]
[EventDate "1997.??.??"]

1. e4 c5 2. c3 d5 3. exd5 Qxd5 4. d4 Nc6 5. Nf3 Bg4 6. Be2 O-O-O 7. Be3 e6 8.
O-O Nf6 9. Qb3 Qh5 10. dxc5 Bxc5 11. Bxc5 Qxc5 12. Na3 Ne4 13. Qc4 Qxc4 14.
Nxc4 Bxf3 15. Bxf3 Nd2 16. Nxd2 Rxd2 17. Bxc6 bxc6 18. Rfd1 Rhd8 19. Rxd2 Rxd2
20. b3 Rc2 21. c4 Rb2 22. g3 a5 23. Kg2 e5 24. g4 Kd7 25. Kf3 Ke6 26. Ke3 g6
27. h4 f5 28. gxf5+ gxf5 29. f4 e4 30. Kd4 Rf2 31. Ke3 Rf3+ 32. Kd4 Rxf4 33.
Kc5 Rg4 34. Kxc6 f4 35. c5 f3 36. Kb6 f2 37. Rf1 e3 38. c6 Rb4+ 39. Ka7 Kd6 40.
Rc1 Kc7 41. Ka6 Rb6+ 42. Kxa5 Rxc6 43. Rf1 Rf6 0-1

[Event "I Torneo Cecchina A"]
[Site "Roma ITA"]
[Date "1997.??.??"]
[Round "7"]
[White "Corvi, Marco"]
[Black "De Blasio, Massimo"]
[Result "1/2-1/2"]
[WhiteElo "2260"]
[BlackElo "2250"]
[PlyCount "23"]
[EventDate "1997.??.??"]

1. e4 c5 2. Nf3 d6 3. d3 Nc6 4. g3 g6 5. Bg2 Bg7 6. O-O e5 7. c3 Nge7 8. Nbd2
O-O 9. Nc4 h6 10. Nfd2 f5 11. f4 exf4 12. gxf4 1/2-1/2

[Event "I Torneo Cecchina A"]
[Site "Roma ITA"]
[Date "1997.??.??"]
[Round "7"]
[White "De Blasio, Alessandro"]
[Black "Franchi, Jose' Maria"]
[Result "1-0"]
[WhiteElo "1570"]
[BlackElo "1915"]
[PlyCount "135"]
[EventDate "1997.??.??"]

1. e4 c5 2. Nf3 Nc6 3. d4 cxd4 4. Nxd4 Nf6 5. Nc3 d6 6. Bc4 Qb6 7. Nb3 e6 8.
Bf4 Ne5 9. Bxe5 dxe5 10. a3 Be7 11. O-O O-O 12. Qe2 Bd7 13. Kh1 Rac8 14. Bd3
Qc7 15. Rad1 Bxa3 16. bxa3 Qxc3 17. f4 Ba4 18. Rf3 Qc7 19. Rh3 Rfd8 20. Rf1
Bxb3 21. cxb3 Rd7 22. f5 exf5 23. Rxf5 Qd6 24. Rf1 Rdc7 25. Bb1 Rc1 26. Rhf3
Rxf1+ 27. Rxf1 Rd8 28. Rc1 Qxa3 29. Rc7 Qxb3 30. Bc2 Qb6 31. Re7 Re8 32. Rxe8+
Nxe8 33. h3 g6 34. Qf3 Qf6 35. Qd3 Qd6 36. Qb5 Qe7 37. Ba4 Nd6 38. Qc5 a6 39.
Bb3 Kg7 40. Bd5 Kf8 41. Qb6 Kg7 42. Qc5 Kf8 43. Qb6 Nc8 44. Qa5 Kg8 45. Kh2 Qd7
46. Qb4 b6 47. Qc4 b5 48. Qa2 Qa7 49. Qa5 Qb6 50. Qc3 Nd6 51. Qxe5 b4 52. Qf6
Qc7 53. e5 Ne8 54. Qg5 Kg7 55. Kh1 a5 56. e6 fxe6 57. Bxe6 Qd6 58. Qe3 Nc7 59.
Bb3 h6 60. Qf3 Qe7 61. Qc6 Qe1+ 62. Kh2 Qe5+ 63. Kh1 Qe1+ 64. Kh2 Qe5+ 65. Kh1
Qg3 66. Qd7+ Kf6 67. Qf7+ Kg5 68. Qe7+ 1-0

[Event "I Torneo Cecchina A"]
[Site "Roma ITA"]
[Date "1997.??.??"]
[Round "7"]
[White "Dentale, Enrico"]
[Black "Gatto, Mario"]
[Result "1-0"]
[WhiteElo "1600"]
[BlackElo "1543"]
[PlyCount "51"]
[EventDate "1997.??.??"]

1. d4 Nf6 2. c4 g6 3. Bg5 Bg7 4. Nc3 d6 5. e4 O-O 6. f4 Na6 7. Nf3 c5 8. d5 Bd7
9. Bd3 Nb4 10. a3 Nxd3+ 11. Qxd3 a6 12. h4 Bg4 13. Nh2 Bd7 14. Rb1 Ng4 15. Nxg4
Bxg4 16. f5 Qd7 17. O-O gxf5 18. exf5 e6 19. f6 Bh8 20. Qg3 h5 21. Qf4 Kh7 22.
Rbe1 Rg8 23. dxe6 Bxe6 24. Nd5 Qd8 25. Ne7 Rf8 26. Qe4+ 1-0

[Event "I Torneo Cecchina A"]
[Site "Roma ITA"]
[Date "1997.??.??"]
[Round "7"]
[White "Iatrino, Vincenzo"]
[Black "Papetti, Francesco"]
[Result "0-1"]
[WhiteElo "1767"]
[BlackElo "1780"]
[PlyCount "116"]
[EventDate "1997.??.??"]

1. e4 c6 2. d4 d5 3. Nc3 dxe4 4. Nxe4 Nd7 5. Nf3 Ngf6 6. Nxf6+ Nxf6 7. Ne5 Bf5
8. Bc4 e6 9. Bg5 Be7 10. c3 O-O 11. Qe2 Nd5 12. Bxe7 Qxe7 13. h4 h6 14. Qf3 Nf6
15. g4 Be4 16. Qh3 Bxh1 17. Qxh1 Nd7 18. Nf3 e5 19. O-O-O exd4 20. Nxd4 Nb6 21.
Bb3 Qf6 22. Nf5 Rad8 23. Rg1 Rfe8 24. Qf3 Re5 25. Bc2 Qe6 26. Ne3 Qxa2 27. g5
Na4 28. Bxa4 Qa1+ 29. Kc2 Qxg1 30. Bb3 Re7 31. gxh6 Qg6+ 32. Kc1 gxh6 33. Qh1
Re5 34. Bc2 f5 35. Qh2 Rde8 36. Kb1 Kf7 37. Qh1 Kf6 38. Qd1 Ke7 39. Nc4 Rd5 40.
Qe2+ Kd8 41. Qf1 Qe6 42. Ne3 Re5 43. Qd3+ Kc7 44. Qd4 b6 45. Qf4 Kb7 46. Bd3
Rxe3 47. fxe3 Qxe3 48. Qxf5 Qe1+ 49. Kc2 Qe6 50. Qf1 Qe1 51. Qf7+ Qe7 52. Qf4
Qf8 53. Qa4 Qf2+ 54. Kb3 b5 55. Qg4 Qf7+ 56. Kc2 Rd8 57. Qg2 Qd5 58. Qg7+ Qd7
0-1